000 00611nam a2200205Ia 4500
005 20250508154858.0
008 008 250505s9999 xx 000 0 eng d
037 _aTextual
040 _aFEDL
_beng
_cFEDL
041 _aeng
_2eng
084 _a155.2, NOR
_qFEDL
100 _aNorbeck Edward Ed.
_986275
245 0 _aStudy of personality: An interdisciplinary appraisal
260 _aNew York, USA
_bHolt, Rinehart and Winston
_c1968
300 _aix,400p
650 _aPersonality
700 _a McCord William M. Ed.
_9766289
942 _cTEXL
_h155.2, NOR
999 _c1352588
_d1352588